Online
Catalog

La contraloría y sus funciones / (Record no. 38223)

MARC details
000 -CABECERA
campo de control de longitud fija 00482nam a2200145 a 4500
001 - NÚMERO DE CONTROL
campo de control 000038733
005 - FECHA Y HORA DE LA ÚLTIMA TRANSACCIÓN
campo de control 20201002031343.0
008 - DATOS DE LONGITUD FIJA--INFORMACIÓN GENERAL
campo de control de longitud fija 130419s1974 mx 000 0 spa d
040 ## - FUENTE DE LA CATALOGACIÓN
Centro catalogador/agencia de origen DO-SdBNP
Lengua de catalogación spa
Centro/agencia transcriptor BNPHU
100 1# - ENTRADA PRINCIPAL--NOMBRE DE PERSONA
Nombre de persona González A., Cesar A.
9 (RLIN) 65039
245 13 - MENCIÓN DE TÍTULO
Título La contraloría y sus funciones /
Mención de responsabilidad, etc. Cesar A. González A.
260 ## - PUBLICACIÓN, DISTRIBUCIÓN, ETC.
Lugar de publicación, distribución, etc. México :
Nombre del editor, distribuidor, etc. Contables y Administrativas ,
Fecha de publicación, distribución, etc. 1974.
300 ## - DESCRIPCIÓN FÍSICA
Extensión 127 p. : ;
Dimensiones 20 cm.
500 ## - NOTA GENERAL
Nota general La biblioteca posee la tercera reimpresión de 1979
Holdings
Estado de retiro Estado de pérdida Restricciones de uso No para préstamo Código de colección Localización permanente Ubicación/localización actual Ubicación en estantería Fecha de adquisición Número de inventario Total de préstamos Signatura topográfica completa Código de barras Fecha visto por última vez Precio válido a partir de Tipo de ítem Koha Número de copia
      Excluido de préstamo Monografías: Libros y Folletos General General Depósito 19.04.2013 LF1   38733-10 25.06.2020 25.06.2020 No se presta  
      Excluido de préstamo Monografías: Libros y Folletos Patrimonio Dominicano Patrimonio Dominicano Depósito 27.01.2015 LF1   38733-20 25.06.2020 25.06.2020 No se presta e. 2

Powered by Koha